Statistiques concernant Mots composés avec bas

Cliquez ici pour prendre le quiz!

Statistiques générales

  • Ce quiz a été pris 89 fois
  • Le résultat moyen est 5 sur 15

Statistiques - réponses

IndiceMot% Correct
accotementcôté
85%
67Rhin
66%
morceau de carrosseriecaisse
56%
sculpturerelief
50%
liefonds
43%
note sous le textepage
33%
économielaine
29%
endroit mal faméquartier
21%
collantrésille
21%
qualité moyennegamme
18%
de Paris pour Zolaventre
16%
chienrouge
13%
sur la terremonde
10%
classe inférieureéchelle
0%
empileligne
0%

Distribution des résultats

Percentile par nombre de réponses

% des personnes avec chaque résultat

Votre développement - résultats

Vous n’avez pas pris ce quiz